LEADER 01256nam a2200313 u 4500 001 000000032118 003 CaOOAMICUS 005 20070226112222.0 008 971014s1992 it a u000 u ita u 020 $a8884021065 035 $a10772701 040 $aPUL(R)$bita 041 1 $aita$hger 100 1 $aHornung, Erik,$d1933-$0(OLS)http://pul/name/25428 240 10$aEine und die Vielen. Ägyptische Gottesvorstellungen.$lItaliano.$0(OLS)http://pul/title/44235 245 14$aGli dei dell'Antico Egitto /$cErik Hornung ; traduzione di Donatella Scaiola ; presentazione di Christian Sturtewagen. 260 $aRoma :$bSalerno,$cc1992. 300 $a286 p., [8] p. di tav. :$bill. ;$c23 cm 490 1 $aProfili ;$v18 500 $aComprende indici. 504 $aBibliografia in nota. 830 0$aProfili ;$v18.$0(OLS)http://pul/title/18312 850 $aPUL 852 $aPUL$W1$xSL Religione 1$y3$m10(3) E 18$j44363$nBK-PRI$b $qStampati$B44363$CPULBib$Z2$F44363 $H $81 941 1 $a8 961 $aINV: 70872 996 $6020$a8884021065$9(OLS)http://pul/number/40323 996 $6245$aGli dei dell'Antico Egitto$9(OLS)http://pul/title/44236 996 $6260$aRoma :$bSalerno$9(OLS)http://pul/publisher/61304 LEADER 01574nam a2200325 u 4500 001 000000048941 003 CaOOAMICUS 005 20070226115045.0 008 000608s2000 it u000 u ita u 020 $a8837217684 035 $a10849622 040 $aPUL$bita 041 0 $aita$beng 245 00$aCorano e Bibbia :$batti del Convegno Internazionale "Corano e Bibbia", Napoli, Teatrino di Corte, Palazzo Reale, 24-26 ottobre 1997 /$cBiblia, Associazione laica di cultura biblica ; a cura di Roberto Tottoli. 260 $aBrescia :$bMorcelliana,$c2000. 300 $a255 p., [8] c. di tav. :$bill. ;$c23 cm 504 $a"Guida bibliografica": pp. [247]-251. 630 04$aCorano.$0(OLS)http://pul/subject/9691 630 04$aBiblia.$0(OLS)http://pul/subject/2876 650 4$aCristianesimo e altre religioni$xIslamismo.$0(OLS)http://pul/subject/1848 700 1 $aTottoli, Roberto.$0(OLS)http://pul/name/34191 710 2 $aBiblia. Associazione laica di cultura biblica.$0(OLS)http://pul/name/35485 850 $aPUL 852 $aPUL$W1$xDP1 Cons. Gen., Altre Classi 1$y22$m780 A 175$j65114$nBK-PRI$b $qStampati$B65114$CPULBib$Z2$F65114 $H $81 941 1 $a8 960 $aBibbia$92876 961 $aINV: 82079 996 $6020$a8837217684$9(OLS)http://pul/number/61730 996 $6245$aCorano e Bibbia :$batti del Convegno Internazionale "Corano e Bibbia", Napoli, Teatrino di Corte, Palazzo Reale, 24-26 ottobre 1997$9(OLS)http://pul/title/65977 996 $6260$aBrescia :$bMorcelliana$9(OLS)http://pul/publisher/47854